Ethics without the sermon

The process begins with 12 basic questions What is needed is a process of ethical inquiry that is immediately comprehensible to a group of executives and not predisposed to the utopian, and sometimes anticapitalistic, bias marking much of the work in applied business philosophy. First step is a set...

全面介紹

Đã lưu trong:
書目詳細資料
主要作者: Nash, Laura L.
格式: 圖書
語言:Undetermined
出版: Boston, Mass. Harvard Business Press 2009
主題:
標簽: 添加標簽
沒有標簽, 成為第一個標記此記錄!
Thư viện lưu trữ: Trung tâm Học liệu Trường Đại học Cần Thơ
LEADER 00962nam a2200193Ia 4500
001 CTU_187368
008 210402s9999 xx 000 0 und d
082 |a 174.4 
082 |b N248 
100 |a Nash, Laura L. 
245 0 |a Ethics without the sermon 
245 0 |c Laura L. Nash 
260 |a Boston, Mass. 
260 |b Harvard Business Press 
260 |c 2009 
520 |a The process begins with 12 basic questions What is needed is a process of ethical inquiry that is immediately comprehensible to a group of executives and not predisposed to the utopian, and sometimes anticapitalistic, bias marking much of the work in applied business philosophy. First step is a set of 12 questions that draw on traditional philosophical frameworks but that avoid the level of abstraction normally associated with formal moral 
650 |a Business ethics,Đạo đức kinh doanh 
904 |i Qhieu 
980 |a Trung tâm Học liệu Trường Đại học Cần Thơ